Southville International School and Colleges
Your cart is empty.
  • Cart
  • Lists
    Public lists Eva Luna New books Lux_list list_1
    Your lists Log in to create your own lists
  • Log in to your account
  • Your cookies
  • Search history
Southville International School and Colleges
  • Advanced search
  • Recent comments
  • Most popular
  • Libraries

Log in to your account

Log in with GOOGLE


If you do not have an external account, but do have a local account, you can still log in:

  1. Home
  2. MARC view: Baby's christmas /
Normal view MARC view ISBD view

Baby's christmas / (Record no. 103841)

[ view plain ]
MARC details
000 -LEADER
fixed length control field 00532nam a2200193 a 4500
005 - DATE AND TIME OF LATEST TRANSACTION
control field 20140412111308.0
008 - FIXED-LENGTH DATA ELEMENTS--GENERAL INFORMATION
fixed length control field 030414s19uu xx 00 eng d
020 ## - INTERNATIONAL STANDARD BOOK NUMBER
International Standard Book Number 0-307-04602-8
050 ## - LIBRARY OF CONGRESS CALL NUMBER
Classification number ER
Item number Ba11 1992
050 ## - LIBRARY OF CONGRESS CALL NUMBER
Classification number ER
Item number Ba11
100 ## - MAIN ENTRY--PERSONAL NAME
Personal name Wilkin, Esther
245 ## - TITLE STATEMENT
Title Baby's christmas /
Statement of responsibility, etc by Esther Wilkin ; illustrated by Eloise Wilkin.
260 ## - PUBLICATION, DISTRIBUTION, ETC. (IMPRINT)
Place of publication, distribution, etc New York :
Name of publisher, distributor, etc A Goldden Book.
300 ## - PHYSICAL DESCRIPTION
Extent 1 v. (unp.) ; ill.
650 ## - SUBJECT ADDED ENTRY--TOPICAL TERM
Topical term or geographic name as entry element Christmas--Fiction
650 ## - SUBJECT ADDED ENTRY--TOPICAL TERM
Topical term or geographic name as entry element Children stories
Holdings
Withdrawn status Lost status Damaged status Use restrictions Home library Current library Shelving location Date acquired Source of acquisition Total Checkouts Full call number Barcode Date last seen Price effective from Koha item type
        Elizalde Library Elizalde Library Easy Reading Section 04/14/2003     ER Ba11 1992 E5994 04/12/2014 04/12/2014 Books
        Elizalde Library Elizalde Library Easy Reading Section 01/24/2008     ER Ba11 E11237 04/12/2014 04/12/2014 Books

Baby's christmas /

APA

Wilkin E., .Baby's christmas. New York: A Goldden Book.

Chicago

Wilkin Esther, .Baby's christmas. New York: A Goldden Book.

Harvard

Wilkin E., .Baby's christmas. New York: A Goldden Book.

MLA

Wilkin Esther, .New York: A Goldden Book. .

  • Place hold
  • Print
  • Cite
  • Add to your cart (remove)
  • Save record
    BIBTEX Dublin Core MARCXML MARC (non-Unicode/MARC-8) MARC (Unicode/UTF-8) MARC (Unicode/UTF-8, Standard) MODS (XML) RIS
  • More searches
    Search for this title in:
    Other Libraries (WorldCat) Other Databases (Google Scholar) Online Stores (Bookfinder.com) Open Library (openlibrary.org)

Exporting to Dublin Core...

SOUTHVILLE LIBRARY

Southville International School and Colleges Library

1281 Tropical Ave. Cor. Luxembourg St., BF Homes International, Las Pinas City

Tel. No. 8256374 / 252358 Loc. 117/146

Powered by Koha